| 000 | 00748nam a22001815i 4500 | ||
|---|---|---|---|
| 001 | 158462 | ||
| 003 | ES-MaACL | ||
| 005 | 20230906211147.0 | ||
| 008 | 940202s1889 sp |||| | spa d | ||
| 040 |
_aCAM _bspa |
||
| 110 | 1 |
_aSancha, Ciriaco-María ( _d1833-1909) _9222957 |
|
| 245 | 1 | 0 |
_aCarta pastoral del... obispo de Madrid-Alcalá con motivo de la Cuaresma _b: acerca de las malas lecturas. |
| 260 |
_a[Madrid : _bs.n., _c1889] ( _fTip. de los Huérfanos) |
||
| 300 |
_a45 p. ; _c23 cm. |
||
| 650 | 4 |
_aLibros y lecturas- _xAspectos religiosos- _xIglesia Católica. _9151834 |
|
| 852 |
_aES-MaACL _jT-534-F-9 _z-- Enc. hol. conservando la cub. original _z-- Enc. en un vol. facticio _x-- Edic.: Pastoral fechada en 1889 |
||
| 999 |
_c158462 _d158462 |
||